Đang tải...

English Words: Structure, History, Usage

This book with lively examples from a range of sources-encompassing poetry, jokes, journalism, advertising and cliches-and including practical exercises and a fully comprehensive glossary, English Words remains an entertaining introduction to the study of words and will be of interest to anyone who...

Mô tả đầy đủ

Chi tiết về thư mục
Tác giả chính: Katamba, Francis
Định dạng: Printed Book
Được phát hành: New York: Routledge, 2005.
Phiên bản:Second Edition
Những chủ đề:
LEADER 01005nam a22001937a 4500
020 |a 0-415-29893-8 
082 |a 425 
100 |a Katamba, Francis 
245 |a English Words:  |b Structure, History, Usage 
250 |a Second Edition 
260 |a New York:  |b Routledge,  |c 2005. 
300 |a xix,322p. : 
500 |a Author is Professor of Linguistics at Lancaster University. 
504 |a Includes Bibliographic References and Index. 
520 |a This book with lively examples from a range of sources-encompassing poetry, jokes, journalism, advertising and cliches-and including practical exercises and a fully comprehensive glossary, English Words remains an entertaining introduction to the study of words and will be of interest to anyone who uses them. 
650 |a Lexicology--English Language-Etymology--English Language-Word Formation 
942 |c BK 
999 |c 297557  |d 297557 
952 |0 0  |1 0  |4 0  |6 425_000000000000000_KAT  |7 0  |9 317122  |a LIN  |b LIN  |d 2020-09-08  |l 0  |o 425 KAT  |p LIN9051  |r 2020-09-08  |w 2020-09-08  |y BK